Valve selection handbook : engineering fundamentals for selecting the right valve design for every industrial flow application (Record no. 180575)

MARC details
000 -LEADER
fixed length control field 00610nam a2200181Ia 4500
005 - DATE AND TIME OF LATEST TRANSACTION
control field 20250425143907.0
008 - FIXED-LENGTH DATA ELEMENTS--GENERAL INFORMATION
fixed length control field 231217s9999 xx 000 0 und d
020 ## - INTERNATIONAL STANDARD BOOK NUMBER
International Standard Book Number 9780750677172
082 ## - DEWEY DECIMAL CLASSIFICATION NUMBER
Classification number 621.437 SMI;1 R
100 ## - MAIN ENTRY--PERSONAL NAME
Personal name Smith, Peter .ed. Zappe R W
245 #0 - TITLE STATEMENT
Title Valve selection handbook : engineering fundamentals for selecting the right valve design for every industrial flow application
250 ## - EDITION STATEMENT
Edition statement 5th ed.
260 ## - PUBLICATION, DISTRIBUTION, ETC. (IMPRINT)
Date of publication, distribution, etc. 2004
Name of publisher, distributor, etc. Gulf Professional
Place of publication, distribution, etc. Burlington
300 ## - PHYSICAL DESCRIPTION
Extent xiii+399
500 ## - GENERAL NOTE
General note Content page available
650 ## - SUBJECT ADDED ENTRY--TOPICAL TERM
Topical term or geographic name as entry element Valve,selection,:,selecting,right,valve,flow
942 ## - ADDED ENTRY ELEMENTS (KOHA)
Koha item type Books
Holdings
Date last seen Total Checkouts Full call number Accession number Old discount Uniform Resource Identifier Cost, replacement price Price effective from Category Lost status Damaged status Department Withdrawn status bill no. bill date Permanent Location Current Location Shelving location Entry date Vendor Cost, normal purchase price Grants Currency symbol Conversion rate Discount Discount type
26/01/2024   621.437 SMI;1 R 48992 25 digital/contents/48992.pdf 2969.65 26/01/2024 Books     Central Library   2 11/03/2009 Central Library Central Library Central Library 17/04/2008 Ell Enn books 92.95 ME USD 42.6 23.24 Rupees

© For any Suggestions or Query, please contact the library staff @ librarian@pes.edu or Phone: +9180 2672 1983/ 2108.